Imitacionnyje sistemy prinjatija ekonomičeskich rešenij

Uložené v:
Podrobná bibliografia
Ďalší autori: Barginovskij, K.A, Prokopov, V.S
Médium: Kniha
Jazyk:Russian
Vydavateľské údaje: Moskva Nauka 1989
Vydanie:1. izd.
Tagy: Pridať tag
Žiadne tagy, Buďte prvý, kto otaguje tento záznam!

MARC

LEADER 00000nam a2200000 4500
001 c028472
005 20230110094810.4
041 0 |a rus 
044 |a RU 
245 1 0 |a Imitacionnyje sistemy prinjatija ekonomičeskich rešenij  |c Zodp. red. K.A. Barginovskij, V.S. Prokopov 
250 |a 1. izd. 
264 1 |a Moskva  |b Nauka  |c 1989 
300 |a 162 s. 
700 1 |a Barginovskij, K.A. 
700 1 |a Prokopov, V.S.